000 00537nam a2200229Ia 4500
003 OSt
005 20220918202303.0
006 a|||||r|||| 00| 0
007 ta
008 220917b |||||||| |||| 00| 0 eng d
024 _a100,090
037 _cTextual
040 _aARTS
_cARTS
_beng
041 _2eng
_aeng
082 _aV2:5:N, J1
100 _aGarratt G T ed
245 0 _aLegacy of India
260 _c1951
650 _aHISTORY
942 _hV2:5:N, J1
_cTEXL
_2CC
999 _c223648
_d223648